[Event "Bundesliga 2022-23"]
[Site "Solingen GER"]
[Date "2023.04.29"]
[Round "14.3"]
[Board "6"]
[White "Roseneck, Jonas"]
[Black "Kaasen, Tor Fredrik"]
[Result "1/2-1/2"]
[WhiteTitle "FM"]
[BlackTitle "IM"]
[WhiteElo "2414"]
[BlackElo "2445"]
[WhiteTeam "SG Solingen"]
[BlackTeam "SF Berlin"]
[WhiteFideId "12939870"]
[BlackFideId "1516647"]
[EventDate "2022.10.22"]

1. d4 Nf6 2. c4 e6 3. Nc3 d5 4. Nf3 Bb4 5. e3 O-O 6. Bd3 dxc4 7. Bxc4 c5 8. O-O
Nc6 9. a3 Ba5 10. Qd3 a6 11. Rd1 b5 12. Ba2 Bb6 13. Qc2 cxd4 14. Nxb5 axb5 15.
Qxc6 Bd7 16. Qd6 dxe3 17. Bxe3 Bxe3 18. fxe3 Qa5 19. Rd4 Ra6 20. Qg3 Bc6 21. Rf1
Bd5 22. Ne5 Qd8 23. Bb1 Ra4 24. Rxa4 bxa4 25. Qh4 Qb6 26. Ng4 Ne4 27. Bxe4 Bxe4
28. Nh6+ gxh6 29. Qxe4 Qxb2 30. Qxa4 Qe5 31. Qg4+ Qg5 32. Qf3 Qa5 33. h3 Qd5 34.
Qf4 Qg5 35. Qf3 Qd5 36. Qf2 Qe4 37. a4 Qe5 38. Qf3 f5 39. Rd1 Rc8 40. Kh1 Kh8
41. Qb7 Rg8 42. Qf7 Qg7 43. Qxg7+ Kxg7 44. a5 Ra8 45. Ra1 Ra6 46. Kh2 Kf6 47.
Kg3 h5 48. h4 e5 49. Kf3 e4+ 50. Kf4 Ra7 51. Rb1 Rxa5 52. Rb6+ Kg7 53. g3 h6 54.
Re6 Ra3 55. Re5 Kg6 56. Rb5 Rc3 57. Ra5 Rb3 58. Ra6+ Kg7 59. Ra1 Kf6 60. Ra6+ 1/2-1/2

[Event "Bundesliga 2022-23"]
[Site "Solingen GER"]
[Date "2023.04.29"]
[Round "14.3"]
[Board "7"]
[White "Hess, Max"]
[Black "Wegerle, Joerg"]
[Result "1/2-1/2"]
[WhiteTitle "FM"]
[BlackTitle "IM"]
[WhiteElo "2361"]
[BlackElo "2411"]
[WhiteTeam "SF Berlin"]
[BlackTeam "SG Solingen"]
[WhiteFideId "24656666"]
[BlackFideId "4644743"]
[EventDate "2022.10.22"]

1. Nf3 d5 2. e3 Nf6 3. c4 c6 4. Nc3 g6 5. d4 Bg7 6. Be2 O-O 7. O-O b6 8. a4 a5
9. cxd5 Nxd5 10. e4 Nb4 11. h3 Ba6 12. Be3 Ra7 13. Bxa6 N8xa6 14. Qe2 Qb8 15.
Rfd1 Rd8 16. h4 Rad7 17. h5 Nc7 18. hxg6 hxg6 19. Rd2 Qb7 20. Rad1 Qa6 21. Kf1
Qxe2+ 22. Kxe2 f6 23. d5 c5 24. Bf4 Ne8 25. g4 Nd6 26. b3 f5 27. e5 Ne4 28. Nxe4
fxe4 29. Ng5 Nxd5 30. Ne6 Nxf4+ 31. Nxf4 Rxd2+ 32. Rxd2 Rxd2+ 33. Kxd2 Kf7 34.
Ke3 Bxe5 35. Nd5 Bd4+ 36. Kxe4 Bxf2 37. Nxb6 Ke6 38. Nc4 Be1 39. Ne5 Kf6 40.
Nd7+ Kg5 41. Kf3 Bb4 42. Kg3 1/2-1/2

[Event "Bundesliga 2022-23"]
[Site "Solingen GER"]
[Date "2023.04.29"]
[Round "14.3"]
[Board "8"]
[White "Schaefer, Markus"]
[Black "Schmidek, Emil"]
[Result "1/2-1/2"]
[WhiteTitle "IM"]
[BlackTitle "IM"]
[WhiteElo "2358"]
[BlackElo "2414"]
[WhiteTeam "SG Solingen"]
[BlackTeam "SF Berlin"]
[WhiteFideId "4605551"]
[BlackFideId "12908150"]
[EventDate "2022.10.22"]

1. e4 c6 2. d4 d5 3. Nc3 dxe4 4. Nxe4 Bf5 5. Ng3 Bg6 6. Bc4 e6 7. N1e2 Nf6 8.
Nf4 Qc7 9. Qf3 Bd6 10. Bb3 Nbd7 11. Be3 O-O-O 12. O-O Nd5 13. Nxd5 exd5 14. h3
Rdf8 15. Nf5 Bxf5 16. Qxf5 g6 17. Qf3 f5 18. Bh6 Re8 19. c4 dxc4 20. Bxc4 Nf6
21. a3 Kb8 22. b4 Re4 23. Rfd1 Bf4 24. Bxf4 Rxf4 25. Qb3 Qb6 26. Qe3 Re4 27.
Qg3+ Qc7 28. Qxc7+ Kxc7 29. Rd2 Rd8 30. Rad1 Kb6 31. Be2 Re7 32. Bf3 Red7 33.
Kf1 Rd6 34. Rd3 Ne8 35. a4 Nf6 36. g3 Nd5 37. Bxd5 Rxd5 38. Ke2 a5 39. bxa5+
Kxa5 40. Rb1 Ka6 41. Rdb3 R8d7 42. Rb6+ Ka7 43. R1b4 Re7+ 44. Kf3 g5 45. Kg2 Rc7
46. Kf1 Re7 47. Kg2 Rf7 48. Kf1 f4 49. g4 Ka8 50. Rc4 Rfd7 51. Rbb4 h6 52. Kg2
R7d6 53. Kf3 Ka7 54. Ke4 Re6+ 55. Kf3 Ka6 56. Rb2 Red6 57. Ke4 Re6+ 58. Kf3 Red6 1/2-1/2

[Event "Bundesliga 2022-23"]
[Site "Solingen GER"]
[Date "2023.04.29"]
[Round "14.4"]
[Board "1"]
[White "Nisipeanu, Liviu-Dieter"]
[Black "Navara, David"]
[Result "1/2-1/2"]
[WhiteTitle "GM"]
[BlackTitle "GM"]
[WhiteElo "2615"]
[BlackElo "2676"]
[WhiteTeam "USV TU Dresden"]
[BlackTeam "SV Muelheim Nord"]
[WhiteFideId "1202758"]
[BlackFideId "309095"]
[EventDate "2022.10.22"]

1. d4 Nf6 2. c4 e6 3. Nc3 Bb4 4. e3 O-O 5. Bd3 d5 6. a3 Bxc3+ 7. bxc3 dxc4 8.
Bxc4 c5 9. Nf3 Qc7 10. Be2 Nc6 11. Bb2 Rd8 12. Qc2 Na5 13. dxc5 Qxc5 14. c4 b6
15. Bd4 Qc7 16. Rc1 Ba6 17. Qb2 Nxc4 18. Bxc4 Bxc4 19. Nd2 b5 20. Nxc4 bxc4 21.
Bxf6 gxf6 22. Qxf6 Qa5+ 23. Qc3 Qxc3+ 24. Rxc3 Rab8 25. Ke2 Rb2+ 26. Kf3 Rdd2
27. Rf1 Rbc2 28. Rxc2 Rxc2 29. Rb1 Ra2 30. Rc1 Rxa3 31. Rxc4 a5 32. g4 1/2-1/2

[Event "Bundesliga 2022-23"]
[Site "Solingen GER"]
[Date "2023.04.29"]
[Round "14.4"]
[Board "2"]
[White "Fridman, Daniel"]
[Black "Bartel, Mateusz"]
[Result "1-0"]
[WhiteTitle "GM"]
[BlackTitle "GM"]
[WhiteElo "2603"]
[BlackElo "2630"]
[WhiteTeam "SV Muelheim Nord"]
[BlackTeam "USV TU Dresden"]
[WhiteFideId "11600454"]
[BlackFideId "1112635"]
[EventDate "2022.10.22"]

1. d4 d5 2. c4 c6 3. Nf3 Nf6 4. Nc3 dxc4 5. a4 Bf5 6. Ne5 e6 7. f3 Bb4 8. Nxc4
O-O 9. Kf2 h6 10. e4 Bh7 11. Be3 Nfd7 12. g3 a5 13. Na2 Na6 14. Nxb4 Nxb4 15.
Qd2 f5 16. e5 f4 17. Bxf4 Nb6 18. Nd6 N6d5 19. h4 Qb6 20. Bc4 Bd3 21. Be3 Bxc4
22. Nxc4 Qa6 23. b3 Nxe3 24. Nxe3 Rad8 25. Rhd1 c5 26. Nc2 Nxc2 27. Qxc2 cxd4
28. Qc4 Qb6 29. Qb5 Qa7 30. Rac1 Rd5 31. Qd3 Qb6 32. Re1 Rc5 33. Rxc5 Qxc5 34.
Qc4 Qb6 35. Rd1 Rd8 36. Rd3 Rd5 37. f4 Qd8 38. Kf3 b6 39. Qc6 Kf7 40. Qb7+ Rd7
41. Rxd4 Rxb7 42. Rxd8 b5 43. Ra8 bxa4 44. bxa4 Kg6 45. Rxa5 Rb3+ 46. Kg2 Kf5
47. Ra7 g6 48. h5 gxh5 49. Kh3 Rb1 50. Rh7 Kg6 51. Rh8 Kg7 52. Re8 Kf7 53. Rh8
Kg7 54. Re8 Kf7 55. Ra8 Ra1 56. a5 Kg6 57. Rf8 Rxa5 58. Rf6+ Kg7 59. Kh4 Ra3 60.
Rxe6 1-0

[Event "Bundesliga 2022-23"]
[Site "Solingen GER"]
[Date "2023.04.29"]
[Round "14.4"]
[Board "3"]
[White "Pechac, Jergus"]
[Black "Dardha, Daniel"]
[Result "1/2-1/2"]
[WhiteTitle "GM"]
[BlackTitle "GM"]
[WhiteElo "2633"]
[BlackElo "2610"]
[WhiteTeam "USV TU Dresden"]
[BlackTeam "SV Muelheim Nord"]
[WhiteFideId "14926970"]
[BlackFideId "240990"]
[EventDate "2022.10.22"]

1. Nf3 Nf6 2. d4 b6 3. g3 Bb7 4. c4 g6 5. Nc3 d5 6. Bg2 Bg7 7. Ne5 O-O 8. O-O c6
9. cxd5 cxd5 10. Bf4 Nc6 11. Qa4 Rc8 12. Rac1 a6 13. e3 Nxe5 14. Bxe5 e6 15. Rc2
Nd7 16. Bd6 Re8 17. Rfc1 Rc6 18. Ba3 b5 19. Qb3 Rc4 20. Bf1 e5 21. Bg2 Qa8 22.
Ne2 h5 23. Bd6 exd4 24. Nxd4 Qd8 25. Qd3 Qb6 26. Bf4 Bxd4 27. exd4 Rxd4 28. Qf3
Rc4 29. Be3 d4 30. Qxb7 dxe3 31. Qxb6 Nxb6 32. Rxc4 exf2+ 33. Kxf2 Nxc4 34. b3
Ne5 35. Bf1 Ng4+ 36. Kg1 Rd8 37. a4 bxa4 38. bxa4 a5 39. Re1 Rd4 40. Bb5 Kg7 41.
h3 Nf6 42. Re7 h4 43. gxh4 Rxh4 44. Kg2 Nd5 45. Ra7 Rh5 46. Rxa5 Nc3 47. Ra7
Nxb5 48. axb5 Rg5+ 49. Kf3 Rxb5 50. Kg4 Rb1 51. h4 Rf1 52. Rb7 Kh6 53. Rb8 Ra1
54. Rh8+ Kg7 55. Rb8 Ra4+ 56. Kg3 Ra3+ 57. Kh2 Ra4 58. Kh3 Ra5 59. Rb6 Kh6 60.
Rf6 Ra3+ 61. Kh2 Kg7 62. Rb6 f6 63. Rb8 Re3 64. Kg2 Rc3 65. Ra8 Rc5 66. Kg3 Rc3+
67. Kg2 Rc7 68. Kh3 Rf7 69. Rb8 Rf8 70. Rb7+ Kh6 71. Rb6 f5 72. Rb1 Ra8 73. Rg1
Ra4 74. Rg5 Ra3+ 75. Kh2 Ra1 76. Kg2 Ra8 77. Rg3 Rh8 78. Ra3 Re8 79. Rg3 Re6 80.
Kh3 Re4 81. Rg1 Re3+ 82. Kh2 Rb3 83. Rg2 f4 84. Rg4 Rb2+ 85. Kh3 Rb4 86. Kg2 Kh5
87. Rg5+ Kxh4 88. Rxg6 Rb5 89. Kf3 Rg5 90. Rh6+ Rh5 91. Rxh5+ Kxh5 92. Kxf4 1/2-1/2

[Event "Bundesliga 2022-23"]
[Site "Solingen GER"]
[Date "2023.04.29"]
[Round "14.4"]
[Board "4"]
[White "Neiksans, Arturs"]
[Black "Gajewski, Grzegorz"]
[Result "1/2-1/2"]
[WhiteTitle "GM"]
[BlackTitle "GM"]
[WhiteElo "2594"]
[BlackElo "2589"]
[WhiteTeam "SV Muelheim Nord"]
[BlackTeam "USV TU Dresden"]
[WhiteFideId "11601388"]
[BlackFideId "1116207"]
[EventDate "2022.10.22"]

1. c4 e6 2. g3 d5 3. Bg2 Nf6 4. Nf3 dxc4 5. Qa4+ Nbd7 6. Qxc4 a6 7. Qc2 c5 8.
Nc3 Qc7 9. O-O b5 10. a4 b4 11. Nd1 Bb7 12. d3 Be7 13. Ne3 O-O 14. Nc4 a5 15.
Bf4 Qd8 16. e4 Nb6 17. Rfe1 Nxc4 18. dxc4 h6 19. Rad1 Qc8 20. Ne5 Rd8 21. Rxd8+
Bxd8 22. Nd3 Be7 23. b3 Qc6 24. Ne5 Qb6 25. Rd1 Rd8 26. f3 Bd6 27. Nd3 Bxf4 28.
Nxf4 g5 29. Rxd8+ Qxd8 30. Qd3 Qc7 31. Nh3 g4 32. Nf2 gxf3 33. Bxf3 Qe5 34. Kf1
Kg7 35. Qe3 Qa1+ 36. Ke2 Qb2+ 37. Ke1 e5 38. Kf1 Qd4 39. Ke2 Qa1 40. Kd2 Bc6 41.
Ke2 Qa2+ 42. Ke1 Bxa4 43. bxa4 b3 44. Nd1 Qxa4 45. Qc3 Qa2 46. Qxe5 a4 47. g4 b2
48. Nxb2 Qa1+ 49. Kd2 a3 50. g5 axb2 51. gxf6+ Kh7 52. Qf5+ Kh8 53. Qc8+ Kh7 54.
Qf5+ Kh8 55. Qc8+ Kh7 56. Qf5+ 1/2-1/2

[Event "Bundesliga 2022-23"]
[Site "Solingen GER"]
[Date "2023.04.29"]
[Round "14.4"]
[Board "5"]
[White "Michalik, Peter"]
[Black "Beerdsen, Thomas"]
[Result "1-0"]
[WhiteTitle "GM"]
[BlackTitle "IM"]
[WhiteElo "2558"]
[BlackElo "2521"]
[WhiteTeam "USV TU Dresden"]
[BlackTeam "SV Muelheim Nord"]
[WhiteFideId "14907526"]
[BlackFideId "1030108"]
[EventDate "2022.10.22"]

1. e4 c5 2. Nf3 e6 3. d4 cxd4 4. Nxd4 Nc6 5. Nc3 Qc7 6. Be3 a6 7. a3 Rb8 8. Qf3
b5 9. Qg3 d6 10. Nxc6 Qxc6 11. Bd3 Nf6 12. O-O b4 13. axb4 Rxb4 14. Ra2 Be7 15.
f3 O-O 16. Rfa1 d5 17. exd5 exd5 18. Ne2 Bd6 19. Qf2 Qc7 20. g3 Re8 21. c3 Rb8
22. Bf4 Nd7 23. Bxd6 Qxd6 24. Nd4 Ne5 25. Bxa6 Bxa6 26. Rxa6 Qc5 27. R6a5 Qc4
28. Qc2 g6 29. b3 Nxf3+ 30. Nxf3 Rxb3 31. Rc1 Re2 32. Qd1 Rbb2 33. Ra8+ Kg7 34.
Ra4 Qc5+ 35. Qd4+ Qxd4+ 36. Rxd4 Rg2+ 37. Kh1 Rgf2 38. Rd3 Kf6 39. Rcd1 Kf5 40.
R3d2 Kg4 41. Rxf2 Rxf2 42. Ng1 f5 43. Rd4+ f4 44. gxf4 Rc2 45. Rxd5 Kxf4 46.
Nh3+ Kg4 47. Rd3 h6 48. Kg1 g5 49. Nf2+ Kf4 50. Rh3 h5 51. Rxh5 Rxc3 52. Kg2 Rc2
53. Rh8 g4 54. Rg8 1-0

[Event "Bundesliga 2022-23"]
[Site "Solingen GER"]
[Date "2023.04.29"]
[Round "14.4"]
[Board "6"]
[White "Vrolijk, Liam"]
[Black "Vogel, Roven"]
[Result "1/2-1/2"]
[WhiteTitle "IM"]
[BlackTitle "IM"]
[WhiteElo "2483"]
[BlackElo "2463"]
[WhiteTeam "SV Muelheim Nord"]
[BlackTeam "USV TU Dresden"]
[WhiteFideId "1048333"]
[BlackFideId "12908088"]
[EventDate "2022.10.22"]

1. d4 Nf6 2. c4 e6 3. g3 d5 4. Bg2 Be7 5. Nf3 O-O 6. Nc3 c6 7. O-O a5 8. Bf4
Nbd7 9. Qd3 b6 10. b3 Ba6 11. Rfd1 Bb4 12. a3 Be7 13. e4 b5 14. exd5 bxc4 15.
bxc4 cxd5 16. Nb5 dxc4 17. Qxc4 Nb6 18. Qd3 Nfd5 19. Ne5 Qe8 20. Rdb1 Nxf4 21.
gxf4 Nd5 22. Bxd5 exd5 23. Qb3 Rb8 24. a4 Bxb5 25. axb5 Bb4 26. Qxd5 Rxb5 27.
Qc4 Rb6 28. Rb3 Qc8 29. Qxc8 Rxc8 30. d5 Ra8 31. Nc6 Re8 32. Rc1 Ra6 33. Rxb4
axb4 34. d6 b3 35. d7 Rf8 36. Rd1 Raa8 37. Rb1 Rfd8 38. Nxd8 Rxd8 39. Rxb3 1/2-1/2

[Event "Bundesliga 2022-23"]
[Site "Solingen GER"]
[Date "2023.04.29"]
[Round "14.4"]
[Board "7"]
[White "Hoffmann, Paul"]
[Black "Zelbel, Patrick"]
[Result "0-1"]
[WhiteTitle "IM"]
[BlackTitle "IM"]
[WhiteElo "2379"]
[BlackElo "2456"]
[WhiteTeam "USV TU Dresden"]
[BlackTeam "SV Muelheim Nord"]
[WhiteFideId "4664450"]
[BlackFideId "24624322"]
[EventDate "2022.10.22"]

1. Nf3 c5 2. g3 Nc6 3. Bg2 g6 4. O-O Bg7 5. c4 e6 6. d3 Nge7 7. Nc3 O-O 8. Bf4
d5 9. Qc1 b6 10. Bh6 d4 11. Nb5 a6 12. Na3 Qd6 13. Nc2 e5 14. a3 b5 15. Bxg7
Kxg7 16. Nd2 f5 17. b4 Bd7 18. bxc5 Qxc5 19. Nb4 Rfc8 20. cxb5 Qxb5 21. Nc4 Qc5
22. Qd2 a5 23. Nxc6 Bxc6 24. Bxc6 Rxc6 25. Rab1 a4 26. Rb7 Ra7 27. Rfb1 Rxb7 28.
Rxb7 Rc7 29. Rxc7 Qxc7 30. Qb4 Nd5 31. Qxa4 Nc3 32. Qe8 e4 33. Qe5+ Qxe5 34.
Nxe5 Nxe2+ 35. Kf1 Nc1 36. f4 Kf6 37. a4 Nb3 38. Ke1 Ke6 39. Kd1 Nc5 40. a5 exd3
41. Nxd3 Nxd3 0-1

[Event "Bundesliga 2022-23"]
[Site "Solingen GER"]
[Date "2023.04.29"]
[Round "14.4"]
[Board "8"]
[White "Feygin, Michael"]
[Black "Loxine, Jakov"]
[Result "1-0"]
[WhiteTitle "GM"]
[BlackTitle "IM"]
[WhiteElo "2454"]
[BlackElo "2391"]
[WhiteTeam "SV Muelheim Nord"]
[BlackTeam "USV TU Dresden"]
[WhiteFideId "14103109"]
[BlackFideId "4173031"]
[EventDate "2022.10.22"]

1. d4 Nf6 2. Nc3 d5 3. Bf4 g6 4. Qd2 c6 5. f3 Nbd7 6. e4 Qa5 7. e5 Nh5 8. Be3
Ng7 9. Bd3 Nb6 10. Nge2 Bf5 11. O-O h5 12. Nf4 Nc4 13. Bxc4 dxc4 14. b3 O-O-O
15. bxc4 Qb4 16. c5 e6 17. Rab1 Qc4 18. Nd3 Rxd4 19. Bxd4 Qxd4+ 20. Kh1 Bxc5 21.
Ne4 Be7 22. Qa5 h4 23. Rxb7 Kxb7 24. Rb1+ Ka8 25. Qc7 1-0

[Event "Bundesliga 2022-23"]
[Site "Kiel GER"]
[Date "2023.04.29"]
[Round "14.5"]
[Board "1"]
[White "McShane, Luke J"]
[Black "Bjerre, Jonas Buhl"]
[Result "1/2-1/2"]
[WhiteTitle "GM"]
[BlackTitle "GM"]
[WhiteElo "2653"]
[BlackElo "2612"]
[WhiteTeam "SV Werder Bremen"]
[BlackTeam "SK Doppelbauer Turm Kiel"]
[WhiteFideId "404853"]
[BlackFideId "1444948"]
[EventDate "2022.10.22"]

1. e4 c5 2. Nf3 d6 3. d4 cxd4 4. Nxd4 Nf6 5. Nc3 a6 6. Be2 e5 7. Nb3 Be7 8. O-O
O-O 9. Be3 Be6 10. a4 Nbd7 11. Qd2 Nb6 12. Rfd1 Rc8 13. Bg5 Nc4 14. Bxc4 Rxc4
15. Bxf6 Bxf6 16. Qxd6 Qc8 17. Qb6 Bd8 18. Qe3 h6 19. Rd3 b5 20. axb5 axb5 21.
Nd2 Rc6 22. Nf3 b4 23. Nd5 Rxc2 24. Nxe5 Rxb2 25. Qd4 Qc2 26. Nxb4 Qe2 27. Rf1
Bf6 28. Re3 Qb5 29. Nd5 Bxd5 30. exd5 Rd8 31. Qa7 Qxd5 32. Nf3 Ra8 33. Qc7 Rba2 1/2-1/2

[Event "Bundesliga 2022-23"]
[Site "Kiel GER"]
[Date "2023.04.29"]
[Round "14.5"]
[Board "2"]
[White "Teclaf, Pawel"]
[Black "Areshchenko, Alexander"]
[Result "1/2-1/2"]
[WhiteTitle "IM"]
[BlackTitle "GM"]
[WhiteElo "2551"]
[BlackElo "2632"]
[WhiteTeam "SK Doppelbauer Turm Kiel"]
[BlackTeam "SV Werder Bremen"]
[WhiteFideId "1185934"]
[BlackFideId "14109530"]
[EventDate "2022.10.22"]

1. Nf3 c5 2. c4 Nc6 3. Nc3 Nf6 4. g3 d5 5. cxd5 Nxd5 6. Bg2 g6 7. Qb3 e6 8. Ne4
Qb6 9. Qc4 Bd7 10. b3 f5 11. Nc3 Bg7 12. Bb2 Nxc3 13. dxc3 Ne5 14. Nxe5 Bxe5 15.
O-O-O Bb5 16. Qh4 O-O 17. c4 Bxb2+ 18. Kxb2 Bc6 19. Bxc6 Qxc6 20. Qe7 Rae8 21.
Qd6 Qxd6 22. Rxd6 Re7 23. Rhd1 Kf7 24. a4 g5 25. a5 a6 26. Kc3 h5 27. b4 cxb4+
28. Kxb4 h4 29. gxh4 Rh8 30. hxg5 1/2-1/2

[Event "Bundesliga 2022-23"]
[Site "Kiel GER"]
[Date "2023.04.29"]
[Round "14.5"]
[Board "3"]
[White "Efimenko, Zahar"]
[Black "Thybo, Jesper Sondergaard"]
[Result "1/2-1/2"]
[WhiteTitle "GM"]
[BlackTitle "GM"]
[WhiteElo "2599"]
[BlackElo "2498"]
[WhiteTeam "SV Werder Bremen"]
[BlackTeam "SK Doppelbauer Turm Kiel"]
[WhiteFideId "14107201"]
[BlackFideId "1438832"]
[EventDate "2022.10.22"]

1. e4 c5 2. Nf3 Nc6 3. Nc3 e5 4. Bc4 Be7 5. d3 d6 6. h3 h6 7. a3 Nf6 8. Bd2 O-O
9. O-O Be6 10. Nd5 Nd4 11. Nxd4 cxd4 12. Nxf6+ Bxf6 13. Bxe6 fxe6 14. Qg4 Qc8
15. Rac1 Kh7 16. c3 dxc3 17. Rxc3 Qd7 18. Be3 a6 19. Rfc1 Rac8 20. h4 Rxc3 21.
Rxc3 Rc8 22. Rxc8 Qxc8 23. g3 Qe8 24. h5 Bd8 25. Kg2 Qf7 26. Qf3 Qxf3+ 27. Kxf3
Kg8 28. Kg4 Kf7 29. f4 Bf6 30. b3 Ke7 31. a4 Kf7 32. Kf3 Ke7 33. Kg4 Kf7 34. Kf3
Ke7 35. Kg4 1/2-1/2

[Event "Bundesliga 2022-23"]
[Site "Kiel GER"]
[Date "2023.04.29"]
[Round "14.5"]
[Board "4"]
[White "Parvanyan, Ashot"]
[Black "Van Foreest, Lucas"]
[Result "0-1"]
[WhiteTitle "IM"]
[BlackTitle "GM"]
[WhiteElo "2439"]
[BlackElo "2568"]
[WhiteTeam "SK Doppelbauer Turm Kiel"]
[BlackTeam "SV Werder Bremen"]
[WhiteFideId "13307550"]
[BlackFideId "1039792"]
[EventDate "2022.10.22"]

1. Nf3 d5 2. d4 Nf6 3. c4 e6 4. g3 Be7 5. Bg2 O-O 6. O-O dxc4 7. Qc2 c6 8. a4 b6
9. Nbd2 Bb7 10. Nxc4 c5 11. Rd1 Be4 12. Qb3 Nbd7 13. Nfe5 Bxg2 14. Kxg2 Qc7 15.
Nxd7 Nxd7 16. d5 exd5 17. Rxd5 Nf6 18. Rd1 Rad8 19. Bf4 Qc6+ 20. Qf3 Qe6 21. b3
Ne4 22. Be5 f5 23. e3 a6 24. Bb2 b5 25. axb5 axb5 26. Na5 Rxd1 27. Rxd1 Bd8 28.
Nb7 Bc7 29. b4 cxb4 30. Rc1 Bb6 31. Bd4 b3 0-1

[Event "Bundesliga 2022-23"]
[Site "Kiel GER"]
[Date "2023.04.29"]
[Round "14.5"]
[Board "5"]
[White "Hracek, Zbynek"]
[Black "Olsen, Filip Boe"]
[Result "1-0"]
[WhiteTitle "GM"]
[BlackTitle "IM"]
[WhiteElo "2542"]
[BlackElo "2433"]
[WhiteTeam "SV Werder Bremen"]
[BlackTeam "SK Doppelbauer Turm Kiel"]
[WhiteFideId "300071"]
[BlackFideId "1440640"]
[EventDate "2022.10.22"]

1. e4 c6 2. d4 d5 3. e5 Bf5 4. Nf3 e6 5. Be2 Ne7 6. c3 Nd7 7. O-O h6 8. Nbd2 g5
9. Ne1 c5 10. Bd3 Qb6 11. dxc5 Nxc5 12. Bxf5 Nxf5 13. Nb3 Nd7 14. Nd4 Nh4 15.
Nd3 Ng6 16. f4 gxf4 17. Bxf4 O-O-O 18. Bg3 Bg7 19. Rxf7 Bxe5 20. Nxe5 Ngxe5 21.
Re7 Rhg8 22. Qb3 Qc5 23. Qb4 Nd3 24. Qxc5+ N3xc5 25. Nxe6 Rde8 26. Rxe8+ Rxe8
27. Nxc5 Nxc5 28. Re1 Ne4 29. Bf2 a6 30. a4 Kd7 31. Bd4 Ke6 32. Re3 Kf5 33. Rf3+
Kg6 34. g3 Rc8 35. a5 Rc4 36. b4 Rc8 37. Kg2 Re8 38. g4 h5 39. gxh5+ Kxh5 40.
Rf5+ Kg4 41. Rxd5 Rc8 42. Rd7 Nxc3 43. h3+ Kf4 44. Rf7+ Ke4 45. Bxc3 Rxc3 46.
Rxb7 Rb3 47. h4 Kf4 48. h5 Rb2+ 49. Kh3 Rb3+ 50. Kh4 Rb1 51. Rf7+ Ke5 52. h6
Rxb4+ 53. Kg5 Rb1 54. Re7+ Kd5 55. h7 Rh1 56. Kg6 Kd6 57. Re8 1-0

[Event "Bundesliga 2022-23"]
[Site "Kiel GER"]
[Date "2023.04.29"]
[Round "14.5"]
[Board "6"]
[White "Fromm, Marius"]
[Black "Babula, Vlastimil"]
[Result "1/2-1/2"]
[WhiteTitle "FM"]
[BlackTitle "GM"]
[WhiteElo "2425"]
[BlackElo "2574"]
[WhiteTeam "SK Doppelbauer Turm Kiel"]
[BlackTeam "SV Werder Bremen"]
[WhiteFideId "12993190"]
[BlackFideId "301264"]
[EventDate "2022.10.22"]

1. e4 c5 2. Nf3 e6 3. c4 Nc6 4. d4 cxd4 5. Nxd4 Nf6 6. Nc3 Bb4 7. Nxc6 bxc6 8.
Bd3 e5 9. O-O O-O 10. Qe2 Re8 11. Na4 d5 12. cxd5 cxd5 13. Bg5 Bg4 14. f3 Bd7
15. Nc3 dxe4 16. fxe4 Bg4 17. Qe3 Qb6 18. Qxb6 axb6 19. Bxf6 Bxc3 20. bxc3 gxf6
21. Rxf6 Be6 22. a4 Rec8 23. Ra3 Rc5 24. Rf1 Bc4 25. Bxc4 Rxc4 26. Rb1 Raxa4 27.
Rxa4 Rxa4 28. Rxb6 Rxe4 29. Kf2 Rc4 1/2-1/2

[Event "Bundesliga 2022-23"]
[Site "Kiel GER"]
[Date "2023.04.29"]
[Round "14.5"]
[Board "7"]
[White "Reuker, Jari"]
[Black "Arndt, Magnus"]
[Result "1-0"]
[WhiteTitle "IM"]
[BlackTitle "FM"]
[WhiteElo "2432"]
[BlackElo "2384"]
[WhiteTeam "SV Werder Bremen"]
[BlackTeam "SK Doppelbauer Turm Kiel"]
[WhiteFideId "12909300"]
[BlackFideId "12998656"]
[EventDate "2022.10.22"]

1. c4 Nf6 2. Nc3 e6 3. e4 d5 4. cxd5 exd5 5. e5 Ne4 6. d4 Bb4 7. Qa4+ Nc6 8. Bb5
Bd7 9. Ne2 O-O 10. Qb3 a6 11. Bxc6 Bxc3+ 12. Nxc3 Bxc6 13. O-O Qd7 14. Re1 Rae8
15. Ne2 h6 16. h4 Ba4 17. Qe3 Bb5 18. Ng3 Nxg3 19. Qxg3 Kh7 20. Bf4 Qf5 21. Rac1
Bc6 22. Rc3 Re6 23. Qf3 Rg6 24. Bg3 Qxf3 25. Rxf3 Kg8 26. Bf4 Bd7 27. Rc3 Rc6
28. Rxc6 Bxc6 29. Rc1 Rc8 30. Rc5 Kf8 31. Bd2 Ke7 32. h5 Ke6 33. Rc3 f6 34. exf6
Kxf6 35. Rf3+ Ke6 36. Rg3 Kf7 37. Bf4 Rg8 38. Bxc7 Bb5 39. Rg6 Be8 40. Be5 Kf8
41. Bd6+ Kf7 42. f3 Bb5 43. Be5 Bd3 44. Rb6 g6 45. Rxb7+ Ke8 46. Rb8+ Kf7 47.
Rb7+ Ke8 48. hxg6 Rxg6 49. Kf2 Rc6 50. Ke3 Bb5 51. g4 Rc2 52. Kf4 Bd7 53. Rb6
Bb5 54. a3 Kf7 55. Rf6+ Kg8 56. Rxh6 Rxb2 57. Kf5 Rf2 58. Ke6 1-0

[Event "Bundesliga 2022-23"]
[Site "Kiel GER"]
[Date "2023.04.29"]
[Round "14.5"]
[Board "8"]
[White "Kopylov, Daniel"]
[Black "Colbow, Collin"]
[Result "0-1"]
[WhiteTitle "FM"]
[BlackTitle "FM"]
[WhiteElo "2320"]
[BlackElo "2379"]
[WhiteTeam "SK Doppelbauer Turm Kiel"]
[BlackTeam "SV Werder Bremen"]
[WhiteFideId "12921971"]
[BlackFideId "16201132"]
[EventDate "2022.10.22"]

1. d4 Nf6 2. Nf3 e6 3. c4 d5 4. Nc3 dxc4 5. Qa4+ Nbd7 6. Qxc4 c5 7. g3 a6 8. Bg2
b5 9. Qd3 Bb7 10. dxc5 Bxc5 11. O-O O-O 12. Ng5 Bxg2 13. Kxg2 Qb6 14. a4 b4 15.
Nce4 h6 16. a5 Qc6 17. Qf3 Nd5 18. Nxc5 Ne5 19. Nd3 Nxf3 20. Nxf3 Rfc8 21. Bd2
Rab8 22. Rfc1 Qb7 23. Kg1 Rxc1+ 24. Rxc1 Rc8 25. Rxc8+ Qxc8 26. Nxb4 Nxb4 27.
Bxb4 Qc1+ 28. Be1 e5 29. Kf1 Qxb2 30. Nd2 Qb5 31. Nf3 Qd5 32. Kg1 g5 33. h3 e4
34. Nh2 Qd1 35. Kf1 f5 36. f3 e3 37. f4 Qd5 38. Kg1 Qc4 39. Kf1 Qc6 40. Kg1 Qc4
41. Kf1 Qc6 42. Kg1 gxf4 43. gxf4 Qg6+ 44. Kf1 Qh5 45. h4 Qg6 46. Nf3 Qg4 47.
Ng1 Qxf4+ 48. Nf3 Qg4 49. Ng1 Kf7 50. Nf3 Ke6 51. Ng1 Kd5 52. Nf3 Kc5 53. Ne5
Qh3+ 54. Kg1 Kb5 55. Nd3 Kc4 56. Nb4 f4 57. Nd3 Qf5 58. Nb2+ Kb3 59. Nd3 f3 0-1

[Event "Bundesliga 2022-23"]
[Site "Kiel GER"]
[Date "2023.04.29"]
[Round "14.6"]
[Board "1"]
[White "Ivic, Velimir"]
[Black "Grandelius, Nils"]
[Result "0-1"]
[WhiteTitle "GM"]
[BlackTitle "GM"]
[WhiteElo "2553"]
[BlackElo "2651"]
[WhiteTeam "SK Kirchweyhe"]
[BlackTeam "Hamburger SK"]
[WhiteFideId "950122"]
[BlackFideId "1710400"]
[EventDate "2022.10.22"]

1. e4 e5 2. Nf3 Nc6 3. Bb5 a6 4. Ba4 Nf6 5. O-O d6 6. c3 Bd7 7. Re1 g6 8. d4 Bg7
9. h3 O-O 10. Bc2 Nh5 11. Be3 Kh8 12. Nbd2 Qe8 13. a4 f5 14. exf5 gxf5 15. dxe5
dxe5 16. Bc5 Rg8 17. Bb3 Be6 18. Ng5 Bxb3 19. Qxb3 Bf6 20. Nf7+ Kg7 21. Nxe5
Nxe5 22. Bd4 Kh6 23. Qxb7 Rb8 24. Qxa6 Qg6 25. g3 Nxg3 26. Be3+ Kh5 27. Kh2 Rxb2 0-1